Welcome to CU Library Online Public Access Catalogue (OPAC)

Supply Chain in Ninety Minutes / (Record no. 609)

MARC details
000 -LEADER
fixed length control field 00467nam a22001577a 4500
005 - DATE AND TIME OF LATEST TRANSACTION
control field 20241104183132.0
008 - FIXED-LENGTH DATA ELEMENTS--GENERAL INFORMATION
fixed length control field 241104b |||||||| |||| 00| 0 eng d
020 ## - INTERNATIONAL STANDARD BOOK NUMBER
International Standard Book Number 9781852524760
050 ## - LIBRARY OF CONGRESS CALL NUMBER
Classification number HD38.5
Item number .E475 2005
100 ## - MAIN ENTRY--PERSONAL NAME
Personal name Emmett, Stuart
245 ## - TITLE STATEMENT
Title Supply Chain in Ninety Minutes /
Statement of responsibility, etc. Stuart Emmett
260 ## - PUBLICATION, DISTRIBUTION, ETC.
Place of publication, distribution, etc. UK
-- Gloucestershire
Name of publisher, distributor, etc. Management Books 2000 Ltd
Date of publication, distribution, etc. c2005
300 ## - PHYSICAL DESCRIPTION
Extent 126 pages
Other physical details Illustrations
Dimensions 21cm
650 ## - SUBJECT ADDED ENTRY--TOPICAL TERM
Source of heading or term Supply Chain
942 ## - ADDED ENTRY ELEMENTS (KOHA)
Source of classification or shelving scheme Library of Congress Classification
Koha item type Books
Suppress in OPAC No
999 ## -
-- 609
-- 609
Holdings
Withdrawn status Lost status Source of classification or shelving scheme Damaged status Not for loan Collection Home library Current library Shelving location Date acquired Total checkouts Full call number Barcode Date last seen Copy number Price effective from Koha item type
    Library of Congress Classification     Non-fiction Business Library (Miotso) Business Library (Miotso) Reference 11/04/2024   HD38.5.E475 STU bssm00000127 11/04/2024 1 11/04/2024 Books
© 2023-2024 Copyright: Central University Libraries. All Rights Reserved | Created by: Mahone Tech Office